| 000 | 01532nam a2200313 a 4500 | ||
|---|---|---|---|
| 001 | BRCA_3085 | ||
| 005 | 20190320204114.0 | ||
| 008 | 270109s1832----fr-a---###---#000-0dfre-u | ||
| 041 | _afre | ||
| 044 | _afr | ||
| 084 |
_a392 _b.L43 _c1832 |
||
| 100 | 1 |
_aCervantes Saavedra, Miguel de _d1547-1616 _9213 |
|
| 245 | 1 | 0 |
_aHistoire de L´Admirable Don Quichotte de la Manche _cMiguel de Cervantes Saavedra. |
| 260 |
_aParís _bLebigre Fréres _c1832 |
||
| 300 |
_a5 v. _bil. _c22 cm. |
||
| 500 | _aContenido : v 1. Primera parte. Vida de Cervantes. Prólogo del autor. Texto. -- v 2. Texto. Segunda parte. Texto. -- v 3. Texto. -- v 4. Texto. Primera pate de la continuación del traductor. -- v 5. Segunda pare de la continuación del traductor | ||
| 500 | _aEdición : Traduite de l´Espagnol de Michel de Cervantes par Filleau de Saint-Martin. Précedée de la vie de Michel de Cervantes | ||
| 500 | _aReimpresión de la edición anterior, de Marlin, 1830, con las mismas láminas de Charlet. Semipiel; lomeras adornadas con doradas Lúdovik Osterc | ||
| 500 | _aQM321 | ||
| 546 | _aTexto en : francés | ||
| 650 | 1 | 4 |
_aNovela española _yÉpoca clásica, 1500-1700 _9215 |
| 650 | 1 | 4 |
_aLiteratura española _yÉpoca clásica, 1500-1700 _9216 |
| 650 | 1 | 4 |
_aNovela española _ySiglo XVII _9217 |
| 650 | 1 | 4 |
_aDon Quijote (Personaje ficticio) _eNovela _9218 |
| 700 | 1 |
_aSaint-Martin, Francois Filleau de _d1632-1695 _eTraductor _98424 |
|
| 740 | 0 | _aEl Ingenioso Hidalgo Don Quijote de la Mancha | |
| 902 | _aQFM | ||
| 942 |
_2lcc _cB |
||
| 999 |
_c2821 _d2821 |
||